1713 1785 1541 1123 1917 1168 1999 1593 1558 1529 1853 1507 1169 1630 1667 1769 1255 1486 1134 1775 1168 1890 1296 1615 1595 1754 1552 1561 1815 1001 1392 1861 1324 1443 1957 1510 1160 1291 1882 1311 1049 1924 1325 1322 1676 1622 1094 1716 1830 1878 1377 1911 1787 1995 1108 1145 1370 1760 1554 1836 1405 1299 1942 1918 1174 1557 1182 1088 1671 1637 1388 1937 1851 1453 1778 1635 1748 1681 1950 1460 1393 1674 1485 1544 1845 1934 1964 1991 1567 1219 1733 1526 1789 1168 1807 1861 1645 1776 1297 BCNSPRNW ULIB Ver.6.0+V

เปลี่ยนเป็นภาษาไทย

Change to English
 แสดงรายละเอียดบรรณานุกรม
  กลับหน้าหลัก

Brief Record : Get Marc (ISO 2709) : E-mail record : QR code < ปิดหน้าต่าง
LEADER : 00000nam 2200000uu 4500
001    13399121441
003     ULIB
008    020711s2551 th a 000 0 tha d
020    9789744263766
090    นว.^bอ111ห
100    อารานิคัส
110    เลมอนกรีน
245    หากเธอเป็นจันทร์...ฉันขอเป็นดาว /^cอารานิคัส
260    กรุงเทพฯ :^bเลมอนกรีน,^c2551
300    220 หน้า
710    Lamongreen
945    ^p169^l0^i15297
999    ^aทศพร เกษรทอง
รายการนี้ยังไม่มีแท็ก
คุณยังไม่ได้ล็อกอิน คุณสามารถมีกิจกรรมร่วมกับเว็บไซต์ได้ แต่ต้องล็อกอินก่อน ::
  ล็อกอิน

รายการสื่อสารสนเทศ

ลำดับที่ ประเภท เลขเรียก/บาร์โค้ด สถานที่ สถานะ
1. นวนิยาย
นวนิยาย
นว. อ111ห ฉ.1 
  Barcode: 15297
ห้องสมุดวิทยาเขตสวรรค์ประชารักษ์
►นวนิยาย
บนชั้น
  ขอยืม

BibComment


ยังไม่เคยถูกคอมเมนท์

คอมเมนท์ทรัพยากรรายการนี้
  คอมเมนท์: หากเธอเป็นจันทร์ฉ..


 Copyright 2026. Bcnsprnw @Library